000 00568nam a2200181 a 4500
008 950301s1986---yCZ 0 cze c
040 _aSNK
_bslo
_cSNK
_eAACR2
041 1 _acze
044 _aCZ
100 1 _aBartošková, Šárka
_4aut
245 1 0 _aFilmové profily
_bČeskoslovenští scenáristé, režiséri, kameramani, ...
_cŠárka Bartošová, Luboš Bartošek
250 _a2. upr. a dop. vyd.
260 _aPraha
_bČs. filmový ústav
_c1986
_ePlzeň
_fStráž
300 _a520 s.
_c
700 1 _aBartošek, Luboš
_4aut
020 _c120
958 _aA
999 _c13940
_d13940